00879nam a22002537a 450000500170000001000130001702000230003003500130005303700160006604000120008208200150009410000290010924500540013824600060019226000460019827000600024430000320030450000540033665000230039065000280041394200240044199900190046595201410048420170124105936.0 aA-904234 c250.00a8187111011 aA-904234 bCen Lib/Ret aDPLbEN a230.1bPAT aPattanaik, Devdutt99700 aShiva :cby Dwvdutta Pattanaikban introduction / b  bVakils, Feffer and Simons aMumbai c1997 bMumbai ahague building, 9 street, sprott road e400001 aix, 126p. ;c26cm(Hb)bill. aIncludes glossary and bibliographical references  aReligion z 99701 aHistory of Shiva 99702 2ddccENh230.1mPAT c124187d124187 00104070aLbLd2015-06-15eCen Lib/Retg250.00l1m1o230.1 PATpA-904234r2018-10-20 00:00:00s2018-09-19t1v250.00w2015-06-15yEN